LEADER 01284nam a2200289 i 4500 001 000000126857 003 CaOOAMICUS 005 20060302000000.0 008 060302s1992 it u000 u ita u 013 $a99565 020 $a88-343-0910-3 040 $aSeMil$bita 100 1 $aCaprio, Lorenzo.$0(OLS)http://semarc/name/52734 245 13$aLe strutture finanziarie delle imprese nei principali paesi industrializzati :$buno studio comparato /$cLorenzo Caprio. 260 $aMilano :$bVita e Pensiero,$c1992. 300 $aVII, 453 p. :$btab. ;$c22 cm. 490 0 $aScienze economiche ;$v10 500 $aContiene : Bibliografia. - Fondo Card. C.M. Martini. 650 4$aImprese - Finanziamenti.$0(OLS)http://semarc/subject/24839 830 0$aScienze economiche ;$v10.$0(OLS)http://semarc/title/10463 850 $aSeMil 852 $aSeMil$W1$xVenegono$y1$m3M II 156$j81201$B81201$CSeMilBibl$Z2$F109601 $81 941 1 $a4 961 $aOmaggio: Martini Card. Carlo Maria 996 $6020$a88-343-0910-3$9(OLS)http://semarc/number/113126 996 $6245$aLe strutture finanziarie delle imprese nei principali paesi industrializzati :$buno studio comparato$9(OLS)http://semarc/title/187116 996 $6260$aMilano :$bVita e Pensiero$9(OLS)http://semarc/publisher/29642 LEADER 01192nam a2200301 i 4500 001 000000127970 003 CaOOAMICUS 005 20070531000000.0 008 070531s1988 it u000 u ita u 013 $a100687 020 $a88-7770-225-7 040 $aSeMil$bita 100 1 $aDesanti, Jean Toussaint <1914-2002>.$0(OLS)http://semarc/name/53250 240 13$aUn destin philosophique ou les pièges de la croyance.$0(OLS)http://semarc/title/189004 245 13$aLe trappole della credenza /$cJean Toussaint Desanti. 260 $aMilano :$bSpirali,$c1988. 300 $a289 p. ;$c21 cm. 490 0 $aL'alingua ;$v58 500 $aFondo card. C.M. Martini. 650 4$aCiviltà - Filosofia.$0(OLS)http://semarc/subject/13931 830 2$aL'alingua ;$v58.$0(OLS)http://semarc/title/11272 850 $aSeMil 852 $aSeMil$W1$xVenegono$y1$m2P IV 659$j82214$B82214$CSeMilBibl$Z2$F124366 $81 941 1 $a4 961 $aOmaggio: Martini Card. Carlo Maria 996 $6020$a88-7770-225-7$9(OLS)http://semarc/number/114504 996 $6245$aLe trappole della credenza$9(OLS)http://semarc/title/189003 996 $6260$aMilano :$bSpirali$9(OLS)http://semarc/publisher/32251